000 00564nam a2200229Ia 4500
008 170203s9999 xx 000 0 und d
020 _a0-141301074
050 _aFIc
050 _bD131t
100 _aDahl, Roald.
245 4 _aThe twits /
245 _cRoald Dahl ; illustrated by Quentin Blake.
260 _aNew York :
260 _bPuffin Books,
260 _c1998
300 _a76 pages :
300 _billustrations ;
300 _c20 cm
650 _aHumorous stories.
650 _aPractical jokes --
650 _xJuvenile fiction.
999 _c306432
_d306432